000 01525nam a2200385 i 4500
001 ELB71618
003 FlNmELB
006 m o d |
007 cr cnu||||||||
008 150811s2015 cu a o 000 0 spa d
020 _a9789591625496 (e book)
035 _a(MiAaPQ)EBC3430609
035 _a(Au-PeEL)EBL3430609
035 _a(CaPaEBR)ebr11087877
035 _a(OCoLC)949146767
040 _aFINmELB
_bspa
_erda
_cFINmELB
050 4 _aSF768.2.C3
_bA325 2015
080 _a636.2.09:618.2
082 0 _a636.208926
_223
100 1 _aAlba Gómez, Luis Orlando.
245 1 3 _aLa reproducción de la hembra bovina en Cuba :
_bun enfoque agroecológico y epizootiológico /
_cLuis Orlando Alba Gómez.
264 1 _aLa Habana :
_bEditorial Universitaria,
_c2015.
300 _a1 recurso en línea (160 páginas) :
_bilustraciones
336 _atexto
_btxt
_2rdacontent/spa
337 _acomputadora
_bc
_2rdamedia/spa
338 _arecurso en línea
_bcr
_2rdacarrier/spa
588 _aDescripción basada en recurso en línea; Título de la página del título en PDF (e-libro, visto September 11, 2015).
590 _aRecurso electrónico. Santa Fe, Arg.: e-libro, 2015. Disponible vía World Wide Web. El acceso puede estar limitado para las bibliotecas afiliadas a e-libro.
650 0 _aCattle
_xReproduction.
650 4 _aGanado ovino.
650 4 _aGenética animal.
655 4 _aLibros electrónicos.
797 2 _ae-libro, Corp.
856 4 0 _uhttps://elibro.net/ereader/usam/71618
999 _c120872
_d120872